[Event "North Region-ch"]
[Site "Valledupar"]
[Date "2012.03.30"]
[Round "4.4"]
[White "Gomez Tapias, Gerardo"]
[Black "Daza Galvis, Alfredo Rafael"]
[Result "1-0"]
[WhiteElo "1382"]
[BlackElo "1325"]
[PlyCount "69"]
[EventDate "2012.03.29"]
[EventType "swiss"]
[EventRounds "7"]
[EventCountry "COL"]
[SourceTitle "EXT 2024"]
[Source "ChessBase"]
[SourceDate "2023.10.10"]
[SourceVersion "1"]
[SourceVersionDate "2023.10.10"]
[SourceQuality "1"]

1. e4 e5 2. Qh5 Nf6 3. Qd1 Bc5 4. Nf3 Nc6 5. c3 a5 6. Bc4 d6 7. Ng5 Rf8 8. Nxf7 Bg4 9. f3 Qd7 10. fxg4 Qxg4 11. Qxg4 Nxg4 12. b4 Bb6 13. Be2 h5 14. Bxg4 hxg4 15. Ng5 Rf2 16. c4 Nxb4 17. Kd1 Bd4 18. Nc3 Nd3 19. Ba3 a4 20. Ne6 Bb6 21. Nb5 Kf7 22. Ng5+ Kg6 23. Ne6 Re8 24. Nexc7 Ref8 25. Bxd6 Nb2+ 26. Kc2 R8f4 27. Kxb2 Rxd2+ 28. Kc3 Rxe4 29. Kxd2 Be3+ 30. Kd3 Kf5 31. Rhf1+ Bf4 32. g3 Re3+ 33. Kd2 Ke4 34. gxf4 exf4 35. Rxf4# 1-0